Представление документа в формате RUSMARC

ПолеНазваниеЗначение
  Тип записи a
  Библиографический уровень a
001 Контрольный номер RU/CBS_UL/BASE/b2db96fb69c749a6a262a92fa55b715d
005 Дата корректировки 20231107161928.9
100 Данные общей обработки __
a Данные общей обработки 20231107 ||| 0rusy0189 ca
101 Язык документа 0_
a Язык текста rus
102 Страна публикации __
a Страна публикации RU
200 Заглавие и сведения об ответственности 1_
a Заглавие Ночные охотники
e Сведения, относящиеся к заглавию [о пауках]
f Первые сведения об ответственности Р. Сейфулина
300 Общие примечания __
a Общие примечания 12+
461 Уровень набора _0
1 2000
a Свирель
463 Уровень физической единицы _0
1 2000
a № 9
v С. 18-21 : фото
1 2101
d 2023
1 001RU/CBS_UL/BASE/a259f847cac14fffa1982d195456bd15
606 Тематические рубрики 0_
a Основная рубрика Пауки
610 Ключевые слова 0_
a Ключевые слова членистоногие
610 Ключевые слова 0_
a Ключевые слова пауки
610 Ключевые слова 0_
a Ключевые слова виды пауков
686 Индексы других классификаций __
2 Код системы rubbk
a Классификационный индекс 28.691.8
700 Автор _1
a Фамилия Сейфулина
b Имя (инициалы) Р.
801 Источник записи _0
a Страна RU
b Организация МБУК ЦБС г. Ульяновска
c Дата составления 20231107
g Правила каталогизации RCR
801 Источник записи _1
a Страна RU
b Организация МБУК ЦБС г. Ульяновска
c Дата составления 20231107
g Правила каталогизации RCR
901 Тип документа __
t Тип документа b
w Контрольный № источника RU/CBS_UL/BASE/a259f847cac14fffa1982d195456bd15